00000000nam 2200000za 4500
0019.843547
003CaOODSP
00520221107152539
007cr |||||||||||
008171107s1984    xxc    |o    f|0| 0 eng d
040 |aCaOODSP|beng
043 |an-cn---
0861 |aNH15-649/1984E-PDF
24500|aMilton Parc evaluation |h[electronic resource] : |bpreliminary study design : discussion paper / |cby Aasen and Associates.
260 |a[Ottawa] : |bCanada Mortgage and Housing Corporation, |c1984.
300 |a47 p.
500 |aDigitized edition from print produced 2015 [for Canada Mortgage and Housing Corporation].
520 |a"Rigorously assessing the impacts of the Milton Parc project on the project area itself, on the adjoining neighborhoods, and on the city of Montreal as a whole would help clarify the true advantages and disadvantages of the Milton Parc redevelopment strategy"--p. 3.
69207|2gccst|aAssessment
69207|2gccst|aUrban development
7102 |aAasen and Associates.
7102 |aCanada Mortgage and Housing Corporation.
85640|qPDF|s727 KB|uhttps://publications.gc.ca/collections/collection_2017/schl-cmhc/nh15/NH15-649-1984-eng.pdf